000 00472nam a2200145Ia 4500
008 100204s9999 xx 000 0 und d
082 _b178
100 _aखांडेकर विष्णू सखाराम
245 _aदोन ध्रुव
260 _b"देशमुख आणि कंपनी , पुणे"
_c"1977,6"
300 _a283
630 _aदोन ध्रुव
730 _aदोन ध्रुव
942 _cBOOK
999 _c445375
_d445372